Mexican Slang : Plus Graffiti /

Guardat en:
Dades bibliogràfiques
Autor principal: Jones-Reid, M.F (autor)
Altres autors: Lopez, Charlene (autor) (autor), Robinson, L.H. (autor) (autor)
Format: Llibre
Idioma:anglès
Publicat: Campo, EUA : Bueno Book, 1999, c1999
Edició:2a edición
Matèries:
Etiquetes: Afegir etiqueta
Sense etiquetes, Sigues el primer a etiquetar aquest registre!

MARC

LEADER 00000nam^a2200000^a^4500
001 000185822
005 20250521000000.0
009 20260310102205.531
020 |a 1-881791-10-6 
037 |a Acervo ITESO - Biblioteca 
041 |a ING 
082 |a 467. 972  |b JON 
100 |a Jones-Reid, M.F.  |e (autor) 
245 1 0 |a Mexican Slang :  |b Plus Graffiti /  |c M.F. Jones-Reid, C. Lopez, L.H. Robinson. 
250 |a 2a edición  |b revisada y aumentada 
264 4 |a Campo, EUA :  |b Bueno Book,  |c 1999, c1999 
300 |a 124 p. 
336 |a texto  |b txt  |2 rdacontenido 
337 |a sin mediación  |b n  |2 rdamedio 
338 |a volumen  |b nc  |2 rdasoporte 
649 |a XX 
650 |a Jerga -  |z México 
650 |a Español en México 
650 |a Lenguas Romances 
650 |a Lenguas 
650 |a Sociolingüística 
650 |a Sociología de la Cultura 
650 |a Lingüística 
650 |a México -  |x Condiciones Sociales y Culturales 
700 |a Lopez, Charlene  |e (autor) 
700 |a Robinson, L.H.  |e (autor) 
910 |a Fondo General 
920 |a Impresos - Libros 
930 |a Colección General 
905 |a 101 
901 |a 0500127112  |b IT1  |c ACC  |u 20250521 
902 |a https://opac.biblio.iteso.mx/vufind/Record/000185822